00622nam a22001931 450000100060000000300080000600500170001400800390003103500190007004000320008904100110012108200180013210000290015024501310017926000360031030000200034650000450036665000170041119953BD-RjUL20211209000513.0140226r19701968nyu 000 d eng a(BD-RjUL)20014 aDLCcDLCdDLCdBD-RjULbeng1 aengfre00a842bVIK 19701 aVian, Boris,d1920-1959.14aThe knacker's ABC. L'equarrissage pour tous :bA paramilitary vaudeville in one long act /cTranslated by Simon Watson Taylor. aNew York :bGrove Press,c1970. a82 p. ;c21 cm. aTranslation of L'equarrissage pour tous. aFrench drama